| 000 | 00624nam a22002177a 4500 | ||
|---|---|---|---|
| 003 | OSt | ||
| 005 | 20140310182934.0 | ||
| 008 | 130201t xxu||||| |||| 00| 0 eng d | ||
| 020 | _a9789715422949 | ||
| 050 |
_aGR325 . _bEu87 2001 |
||
| 082 |
_aFIL 398.21599 _bP53 2001 |
||
| 245 |
_aPhilippine folk literature : _bthe epics / _cEugenio, Damian L. |
||
| 260 |
_aDiliman, Quezon City : _bUniversity of the Philippines Press, _c2001. |
||
| 300 |
_alvii, 600 p. ; _c25 cm. |
||
| 521 | _acollege students | ||
| 526 | _c1210L-1700L | ||
| 541 | _j1 | ||
| 541 | _j2 | ||
| 562 | _e2 | ||
| 942 |
_2lcc _cBK _kFIL |
||
| 999 |
_c17586 _d17586 |
||